| 000 | 01935cam a22005654i 4500 | ||
|---|---|---|---|
| 003 | PE-LiUPU | ||
| 005 | 20250731165624.0 | ||
| 008 | 150616s r 000 0 d | ||
| 020 | _a0802880916 | ||
| 035 | _a(Sirsi) i9780802880918 | ||
| 040 |
_aPE-LiUPU _bspa _cPE-LiUPU _erda |
||
| 049 | _aPRUA | ||
| 082 | 0 | 4 |
_a281.3 _bR71 _221 |
| 100 | 1 |
_aRoberts, Alexander, _eautor. |
|
| 245 | 1 | 0 |
_aHippolytus, Cyprian, Caius, Novatian, Appendix. _n5. |
| 264 | 1 |
_aMichigan : _bWm. B. Eerdmans Publishing Company, _c1978. |
|
| 300 |
_a699 páginas ; _c24 centímetros |
||
| 336 |
_atext _2rdacontent |
||
| 337 |
_aunmediated _2rdamedia |
||
| 338 |
_avolume _2rdacarrier |
||
| 490 | 0 | _aThe Ante-Nicene Fathers | |
| 505 | 0 | _aHippolytus -- Cyprian -- Caius -- Novatian. | |
| 526 | _aSEG44 | ||
| 526 | _aSEG26 | ||
| 526 | _aP151 | ||
| 526 | _aP150 | ||
| 526 | _aP149 | ||
| 526 | _aP146 | ||
| 526 | _aP145 | ||
| 526 | _aP126 | ||
| 526 | _aP125 | ||
| 526 | _aP92 | ||
| 526 | _aP75 | ||
| 526 | _aP74 | ||
| 526 | _aP27 | ||
| 526 | _aP15 | ||
| 600 | 1 |
_aCayo de Roma, _dc.180-c.217 d.C. _vObras |
|
| 600 | 1 |
_aCipriano, _dc.200-c.258 d.C. _vObras |
|
| 600 | 1 |
_aHipólito de Roma, _dc.170-c.236 d.C. _vObras |
|
| 600 | 1 |
_aNovatian, _dc.210-c.280 d.C. _vObras |
|
| 650 | 0 | 4 | _a |
| 700 | 1 | _aDonaldson, James. | |
| 910 |
_ajck _bjvq _cjck |
||
| 942 |
_2ddc _cBOOK |
||
| 949 |
_aRC 281.3 R71 5 _wDEWEY _c1 _i20445 _lCCODEBUL1 _mBUL _r0 _sY _tBOOK _u2015-6-16 _xTEOLOGIA _zUNKNOWN _0COMPRA _o.CIRCNOTE. No olvidar cambiar la fecha de devolución!!!!!!! _o.STAFF. Colección General |
||
| 994 |
_aC0 _bPEPRU |
||
| 596 | _a1 | ||
| 999 |
_aRC 281.3 R71 5 _wDEWEY _c57286 _i20445 _f2021-11-8 _g6 _lCCODEBUL1 _mBUL _r1 _sY _tBOOK _u2015-6-16 _xTEOLOGIA _zUNKNOWN _0COMPRA _o.CIRCNOTE. No olvidar cambiar la fecha de devolución!!!!!!! _o.STAFF. Colección General _d57286 |
||
| 980 |
_81 _gALBERTO SANCHEZ Responsable de Automatización |
||